[Event "Ambalangoda Dhamso op 8th"]
[Site "Ambalangoda"]
[Date "2018.04.20"]
[Round "4"]
[White "Deepak, Katiyar"]
[Black "Upananda, KY Sasmitha"]
[Result "1-0"]
[WhiteElo "2140"]
[BlackElo "1626"]
[PlyCount "94"]
[EventDate "2018.04.19"]
[EventType "swiss"]
[EventRounds "9"]
[EventCountry "SRI"]
[SourceTitle "CBM 184 Extra"]
[Source "ChessBase"]
[SourceDate "2018.06.28"]
[SourceVersion "1"]
[SourceVersionDate "2018.06.28"]
[SourceQuality "1"]

1. e4 c6 2. d4 d5 3. Nd2 dxe4 4. Nxe4 Bf5 5. Ng3 Bg6 6. h4 h6 7. Nf3 Nd7 8. h5 Bh7 9. Bd3 Bxd3 10. Qxd3 e6 11. Bd2 Qc7 12. 0-0-0 0-0-0 13. Ne4 Ngf6 14. g3 Nxe4 15. Qxe4 Nf6 16. Qe2 Bd6 17. c4 c5 18. Bc3 cxd4 19. Nxd4 a6 20. Kb1 Rd7 21. Nb3 Be7 22. Rc1 Qd6 23. Rhd1 Qc6 24. Rxd7 Qxd7 25. c5 Qd5 26. c6 b5 27. Qe3 Qe4+ 28. Qxe4 Nxe4 29. Bxg7 Rg8 30. Bxh6 Rh8 31. Be3 Rxh5 32. Rd1 Rd5 33. Rxd5 exd5 34. g4 Kc7 35. f3 Ng5 36. Bxg5 Bxg5 37. Nd4 Be3 38. Nf5 Bg5 39. Kc2 Kxc6 40. Kd3 Kc5 41. b3 Bf4 42. Nd4 Be5 43. Ne2 Kb4 44. Kc2 Ka3 45. Nc1 d4 46. Nd3 Bd6 47. Kb1 a5 1-0